000 00481nmm a2200169Ia 4500
008 251105s9999||||xx |||||||||||||||||und||
020 _a9789502346489
041 _aspa
100 _aCohen Agrest, Diana
245 0 _aSpinoza :
_b Una cartografía de la Ética
264 _a[Buenos Aires, Argentina] :
_bEudeba,
_c2015
300 _a0 páginas
490 _aEnsayos
650 _aPhilosophy, Ethics
856 _uhttps://public.digitaliapublishing.com/a/128293
942 _cCF
999 _c93345
_d93345